Drop an O Quiz Stats

Quiz Updated Mar 28, 2015

Also try: Drop a C
Challenge
Share
Tweet
Embed
Score 0/15 Timer 03:00
17 Plays Today
% Correct
MOISTER
93.3%
FORAYS
91.4%
OUTMOST
86.4%
GELATION
86%
VOICELESS
84.3%
ROARING
78.5%
ORANGIEST
78.1%
MOUSER
75.5%
% Correct
BOROUGH
64.2%
CALLOUS
58.9%
STATIONS
56.6%
CREATION
56.3%
OBEY
53.4%
ANOTHER
47%
OVERBID
33.7%

You're not logged in!

Compare scores with friends on all Sporcle quizzes.
Sign Up with Email
OR
Log In

You Might Also Like...

Show Comments

Extras

Top Quizzes Today


Score Distribution

Your Account Isn't Verified!

In order to create a playlist on Sporcle, you need to verify the email address you used during registration. Go to your Sporcle Settings to finish the process.